Loading...
Science - Biology | 0 | 4 | 0 | 3 | 40 | 113 | 119.00 | 0 | 2 |
Literature - British Literature | 0 | 2 | 0 | 0 | 20 | 132 | 135.00 | 0 | 1 |
Science - Other Science | 0 | 2 | 0 | 0 | 20 | 114 | 121.00 | 1 | 2 |
Social Science | 0 | 2 | 0 | 0 | 20 | 87 | 102.50 | 1 | 1 |
Other Academic | 0 | 1 | 0 | 1 | 10 | 127 | 127.00 | 0 | 0 |
Literature - European Literature | 0 | 1 | 0 | 0 | 10 | 150 | 150.00 | 0 | 1 |
History - European History | 0 | 1 | 0 | 1 | 10 | 134 | 134.00 | 0 | 1 |
Literature - American Literature | 0 | 1 | 0 | 0 | 10 | 147 | 147.00 | 0 | 0 |
Current Events | 0 | 1 | 0 | 1 | 10 | 124 | 124.00 | 0 | 1 |
Science - Physics | 0 | 1 | 2 | 1 | 0 | 130 | 130.00 | 0 | 1 |
Science - Chemistry | 0 | 0 | 1 | 0 | -5 | 0.00 | 0 | 0 | |
History - Other History | 0 | 0 | 1 | 0 | -5 | 0.00 | 0 | 0 | |
History - American History | 0 | 0 | 1 | 0 | -5 | 0.00 | 0 | 0 |